Flexibilidad estratégica, teoría de opciones reales y convergencia con el valor actual neto empleando probabilidades "del mundo real" y coeficientes equivalentes ciertos (Registro nro. 29101)

Detalles MARC
000 -LEADER
fixed length control field 00439 a2200109 4500
001 - CONTROL NUMBER
control field ART_26209
005 - DATE AND TIME OF LATEST TRANSACTION
control field 20260410161937.0
008 - FIXED-LENGTH DATA ELEMENTS--GENERAL INFORMATION
fixed length control field 260409a
100 1# - MAIN ENTRY--PERSONAL NAME
Personal name Milanesi, Gastón S.
245 10 - TITLE STATEMENT
Title Flexibilidad estratégica, teoría de opciones reales y convergencia con el valor actual neto empleando probabilidades "del mundo real" y coeficientes equivalentes ciertos
773 0# - HOST ITEM ENTRY
Title SaberEs
Related parts - Nº 3 (jun. 2011)
Record control number REV26089

No hay ítems disponibles.